Number theory for beginners

Αποθηκεύτηκε σε:
Λεπτομέρειες βιβλιογραφικής εγγραφής
Κύριος συγγραφέας: Weil, André, 1906-1998
Μορφή: Βιβλίο
Γλώσσα:English
Δημοσίευση: New York : Springer-Verlag, c1979
Θέματα:
Ετικέτες: Προσθήκη ετικέτας
Δεν υπάρχουν, Καταχωρήστε ετικέτα πρώτοι!

MARC

LEADER 00000cam a2200000 i 4500
001 1/12316
008 110308s1979 eng d
020 |a 0-378-90381-X 
035 |l 10109739 
040 |a GR-MY-UA  |b gre  |e aacr 
041 0 |a eng 
082 0 |a 512.7  |2 (22) 
100 1 |a Weil, André,   |d 1906-1998. 
245 1 0 |a Number theory for beginners /  |c Andre Weil ; with the collaboration of Maxwell Rosenlicht 
260 |a New York :   |b Springer-Verlag,   |c c1979 
300 |a vi, 70 σ.;  |c 23 εκ. 
650 0 0 |a Number theory. 
852 |a INST  |b SAMOS  |c MAG  |e 20110308  |h 512.7 WEI  |p 005300032960  |q 005300032960  |t BK  |y 0 
901 |a BIBL3-2011-1 
909 |a Σ  |b 166975 
970 |a ΓΟΥΒΑΛΑ  |b ΒΑΣΩ  |z 2011/03/08